LEADER 01114nam0-22004091i-450 001 990000721730403321 005 20221214161849.0 035 $a000072173 035 $aFED01000072173 035 $a(Aleph)000072173FED01 035 $a000072173 100 $a20020821d1970----km-y0itay50------ba 101 0 $aita 102 $aIT 105 $aa---a---001yy 200 1 $aFrank Lloyd Wright$fMarco Dezzi Bardeschi 210 $aFirenze$cSansoni$d1970 215 $a96 p.$cill.$d32 cm 225 1 $a<>maestri del Novecento$v12 610 0 $aBiografie 700 1$aDezzi Bardeschi,$bMarco$f<1934- >$011210 801 0$aIT$bUNINA$gRICA$2UNIMARC 901 $aBK 912 $a990000721730403321 952 $aMON C 105$b9752$fFARBC 952 $a544008$fDCATA 952 $a10.1219$b478$fDARST 952 $aMTD 956$b1137/77$fDARPU 952 $a709.04 MAE 1 (12)$bST.ARTE 7927$fFLFBC 952 $aFONDO ROSSI 2174$bROSSI 2252$fFARBC 959 $aDARPU 959 $aFARBC 959 $aDCATA 959 $aDARST 959 $aFLFBC 996 $aFrank Lloyd Wright$9266742 997 $aUNINA LEADER 01026cam0-2200313 --450 001 9910249745103321 005 20221220140542.0 010 $a978-88-400-1804-1 020 $aIT$b2016-1489 100 $a20180119d2015----km-y0itay5050 ba 101 0 $aita 102 $aIT 105 $ay-------001yy 200 1 $aConsumi e benessere nell'Unione Sovietica di Michail Gorba?ėv$epolitiche, strategia e cultura$fGiovanni Moretto 210 $aMilano$cUNICOPLI$d2015 215 $a293 p.$d22 cm 225 1 $aBiblioteca di storia contemporanea$v47 610 0 $aUnione Sovietica$a1985-1991 676 $a947.0854$v23$zita 700 1$aMoretto,$bGiovanni$f<1975- >$0749290 801 0$aIT$bUNINA$gREICAT$2UNIMARC 901 $aBK 912 $a9910249745103321 952 $aXIV F 415$b1943/2017$fFSPBC 952 $aCOLLEZ. 2308 (47)$b1678/2017$fFSPBC 952 $aXIV M 756$b1744/2022$fFSPBC 959 $aFSPBC 996 $aConsumi e benessere nell'Unione Sovietica di Michail Gorba?ėv$91508684 997 $aUNINA